header

A practical approach to cardiovascular medicine (Record no. 122681)

MARC details
000 -LEADER
fixed length control field 01799nam a2200385 a 4500
082 04 - DEWEY DECIMAL CLASSIFICATION NUMBER
Classification number 616.1/2
245 02 - TITLE STATEMENT
Title A practical approach to cardiovascular medicine
260 ## - PUBLICATION, DISTRIBUTION, ETC. (IMPRINT)
Place of publication Chichester, West Sussex, U.K. :
Name of publisher Wiley-Blackwell,
Year of publication 2011.
300 ## - PHYSICAL DESCRIPTION
Number of Pages xvi, 392 p. :
Other physical details ill., col. ports.
505 0# - FORMATTED CONTENTS NOTE
Formatted contents note section 1. Preventive cardiology -- section 2. Coronary artery disease -- section 3. Heart failure -- section 4. Valvular and vascular disease -- section 5. Arrhythmias and sudden cardiac death -- section 6. Cardiovascular disease in special populations -- section 7. Specialized testing and therapeutics.
650 #0 - SUBJECT ADDED ENTRY--TOPICAL TERM
Topical Term Heart
Topical Term Cardiology
700 1# - ADDED ENTRY--PERSONAL NAME
Personal name Ardehali, Reza.
Personal name Perez, Marco,
Personal name Wang, Paul,
856 40 - ELECTRONIC LOCATION AND ACCESS
Uniform Resource Identifier http://site.ebrary.com/lib/rucke/Doc?id=10483280

No items available.

© 2026 Rongo University
Contact us: librarian | system librarian | Rongo university